000 00318nam a2200133Ia 4500
005 20260328104340.0
008 260328s9999||||xx |||||||||||||| ||und||
100 _aRotzler, Willy
245 0 _aConstructive Concepts /
_cWilly Rotzler
260 _bRizzoli
300 _a329 p.
650 _aARQUITECTURA
942 _cBK
999 _c12055
_d12055